| 000 | 01012cam a22002411 4500 | ||
|---|---|---|---|
| 001 | ne 66000928 | ||
| 003 | DLC | ||
| 005 | 20260227111823.0 | ||
| 008 | 811217s1965 le h b 000 0 ararc | ||
| 010 | _ane 66000928 | ||
| 035 | _a(OCoLC)8004689 | ||
| 040 |
_aPrinceton Univ. Libr. _cTU _dTU _dDLC |
||
| 042 | _apremarc | ||
| 050 | 0 | 0 |
_aPJ6101 _b.I26 1965 |
| 100 | 2 |
_aIbn al-Sarrāj, Muḥammad ibn al-Sarī, _d-929. |
|
| 245 | 1 | 3 |
_aal-Mūjaz fī al-naḥw. _c[allafahu] Abū Bakr Muḥammad ibn al-Sarrāj. Haqqaqahu wa-qaddama lahu Muṣtafā al-Shwīmī [wa] Ibn Sālim Dāmirjī. |
| 260 |
_aBayrūt, _bMuʼassasat A. Badrān lil-ṭibāʻah wa-al-nashr _c[1965] |
||
| 300 |
_a266 p. _bfacsims. _c25 cm. |
||
| 490 | 0 |
_aal-Maktabah al-lughawīyah al-ʻArabīyah, _v2 |
|
| 500 | _aAdded t. p.: al-Mûǧaz fī n-naḥw; traité de grammaire arabe. [Par] Ion as-Sarâǧ. Édité par Moustafa el-Chouémī [et] Bensalem Damerdji. | ||
| 504 | _aBibliography: p. 18-21. | ||
| 650 | 0 |
_aArabic language _xGrammar. |
|
| 999 |
_c48896 _d48896 |
||